| 000 | 00651nam a22002417a 4500 | ||
|---|---|---|---|
| 999 |
_c5786 _d5786 |
||
| 003 | AR-CdUCM | ||
| 008 | 190313b ||||| |||| 00| 0 spa d | ||
| 040 |
_aMUNICIPALIDAD PROVINCIAL DEL CUSCO _cBIBLIOTECA MUNICIPAL DEL CUSCO |
||
| 082 |
_a869.56 / _bB84 |
||
| 100 |
_aBrozovich M, Raul _917182 |
||
| 245 | _aPoemas 3 / | ||
| 260 |
_aCuzco : _bEl Arte, _c1969. |
||
| 300 |
_a25 paginas ; _c20cm. |
||
| 440 |
_aColección Vigencia _n3 _917183 |
||
| 500 | _aPoemas | ||
| 650 |
_aPoemas _9315 |
||
| 650 |
_aLiteratura _983 |
||
| 650 |
_aCuzco _97693 |
||
| 650 |
_aHistoria _9136 |
||
| 650 |
_aSiglo XX _98 |
||
| 942 |
_2ddc _cLIBROS |
||
| 945 | _apjha | ||